Laboratory manual in forensic ballistics/ (Record no. 8981)
[ view plain ]
| 000 -LEADER | |
|---|---|
| fixed length control field | 01136nam a22002297a 4500 |
| 003 - CONTROL NUMBER IDENTIFIER | |
| control field | OSt |
| 005 - DATE AND TIME OF LATEST TRANSACTION | |
| control field | 20241220111113.0 |
| 008 - FIXED-LENGTH DATA ELEMENTS--GENERAL INFORMATION | |
| fixed length control field | 191212b ||||| |||| 00| 0 eng d |
| 020 ## - INTERNATIONAL STANDARD BOOK NUMBER | |
| International Standard Book Number | 978-621-418-039-4 |
| 040 ## - CATALOGING SOURCE | |
| Transcribing agency | UM Bansalan College LIC |
| 082 ## - DEWEY DECIMAL CLASSIFICATION NUMBER | |
| Classification number | BFi.623.4 |
| Item number | G881l 2018 |
| 100 ## - MAIN ENTRY--PERSONAL NAME | |
| 9 (RLIN) | 574 |
| Personal name | Grimares, Erdulfo M. |
| 245 ## - TITLE STATEMENT | |
| Title | Laboratory manual in forensic ballistics/ |
| Statement of responsibility, etc. | by Erdulfo M. Grimares |
| 260 ## - PUBLICATION, DISTRIBUTION, ETC. | |
| Place of publication, distribution, etc. | Quezon City: |
| Name of publisher, distributor, etc. | Wiseman's Books Trading, INC. |
| Date of publication, distribution, etc. | c2018 |
| 300 ## - PHYSICAL DESCRIPTION | |
| Extent | ii-pages 100 |
| Other physical details | ill.; |
| 362 ## - DATES OF PUBLICATION AND/OR SEQUENTIAL DESIGNATION | |
| Dates of publication and/or sequential designation | c2018 |
| 500 ## - GENERAL NOTE | |
| General note | Includes glossary and appendix. |
| 505 ## - FORMATTED CONTENTS NOTE | |
| Formatted contents note | --Chapter one. Ammunition --Chapter two. Primer --Chapter three. Propellant or gun powder --Chapter four. Bullet --Chapter five.Riflings --Chapter six. Comparison of two cartridge cases under the comparison microscope --Chapter seven. Class characteristics of the different firearms --Chapter eight. Sample of ballistic report --Chapter nine. Instrument and equipments in ballistics laboratory. |
| 650 #7 - SUBJECT ADDED ENTRY--TOPICAL TERM | |
| Topical term or geographic name entry element | Guns -- Identification |
| Source of heading or term | sears |
| 9 (RLIN) | 17544 |
| 650 #7 - SUBJECT ADDED ENTRY--TOPICAL TERM | |
| Topical term or geographic name entry element | Guns -- Identification -- Laboratory manuals |
| Source of heading or term | sears |
| 9 (RLIN) | 17636 |
| 942 ## - ADDED ENTRY ELEMENTS (KOHA) | |
| Source of classification or shelving scheme | Dewey Decimal Classification |
| Koha item type | Bansalan Filipiniana1 |
| Withdrawn status | Lost status | Source of classification or shelving scheme | Damaged status | Not for loan | Current library | Date acquired | Inventory number | Total Checkouts | Full call number | Barcode | Date last seen | Price effective from | Koha item type |
|---|---|---|---|---|---|---|---|---|---|---|---|---|---|
| Dewey Decimal Classification | UM Bansalan College LIC | 12/12/2019 | 7935 | BFi.623.4 G881l 2018 | 7935 | 08/12/2020 | 12/12/2019 | Bansalan Filipiniana1 |
